header

Weird science and bizarre beliefs (Record no. 161878)

MARC details
000 -LEADER
fixed length control field 01299nam a2200301 a 4500
100 1# - MAIN ENTRY--AUTHOR NAME
Personal name Reece, Gregory L.,
245 10 - TITLE STATEMENT
Title Weird science and bizarre beliefs
260 ## - PUBLICATION, DISTRIBUTION, ETC. (IMPRINT)
Place of publication London :
Name of publisher I.B. Tauris,
Year of publication 2009.
300 ## - PHYSICAL DESCRIPTION
Number of Pages x, 238 p. :
Other physical details ill., maps.
505 0# - FORMATTED CONTENTS NOTE
Formatted contents note pt. 1. Bigfoot in Paris -- pt. 2. Among the Arkansas cave people -- pt. 3. Psychic brainwaves from space.
650 #0 - SUBJECT ADDED ENTRY--TOPICAL TERM
Topical Term Pseudoscience.
Topical Term Science
Topical Term Fantasy.
856 40 - ELECTRONIC LOCATION AND ACCESS
Uniform Resource Identifier http://site.ebrary.com/lib/rucke/Doc?id=10310814

No items available.

© 2026 Rongo University
Contact us: librarian | system librarian | Rongo university